LEADER 01298nam--2200373---450- 001 990003091530203316 005 20080407135115.0 010 $a88-430-1238-X 035 $a000309153 035 $aUSA01000309153 035 $a(ALEPH)000309153USA01 035 $a000309153 100 $a20080407d1999----km-y0itay50------ba 101 $aita 102 $aIT 105 $a||||||||001yy 200 1 $a<> formazione di una cultura nazionale letteratura degli Stati Uniti dall'indipendenza all'eta di Jackson, 1776-1850$eLa letteratura degli Stati Uniti dall'indipendenza all'eta di Jackson, 1776-1850$fa cura di Alessandro Portelli 210 $aRoma$cCarocci$dcopyr. 1999 215 $a385 p.$d22 cm 225 2 $aBiblioteca di testi e studi$v74 410 0$12001$aBiblioteca di testi e studi 454 1$12001 461 1$1001-------$12001 606 0 $aLetteratura americana$z1776-1850 676 $a810.9002 702 1$aPORTELLI,$bAlessandro 801 0$aIT$bsalbc$gISBD 912 $a990003091530203316 951 $aII.8.C.3$b4736 DSLL 959 $aBK 969 $aDSLL 979 $aDSLL$b90$c20080407$lUSA01$h1351 996 $aFormazione di una cultura nazionale letteratura degli Stati Uniti dall'indipendenza all'eta di Jackson, 1776-1850$91019584 997 $aUNISA LEADER 01267nam0 2200313 450 001 000033125 005 20200526164750.0 100 $a20200526d1999----km-y0itay50------ba 101 0 $aita 102 $aIT 105 $ay-------001yy 200 1 $aConfronto tra alcuni metodi utilizzabili per la digitalizzazione della cartografia$fClaudio Parente, Antonio Pugliano, Raffaele Santamaria$g3a Conferenza Nazionale ASITA 210 $aNapoli$c[s.n.]$d1999 215 $a1047-1052 p.$d30 cm 300 $aEstratto dagli Atti della 3a Conferenza Nazionale ASITA-Napoli, 9-12 novembre 1999-Volume 2° 410 0$12001 500 10$aConfronto tra alcuni metodi utilizzabili per la digitalizzazione della cartografia$91743655 610 1 $aCartografia$aCartografia digitale 610 1 $aConferenze$aCongressi$aConvengni 676 $a526$v20 700 1$aParente,$bClaudio$0419047 701 1$aPugliano,$bAntonio$079211 701 1$aSantamaria,$bRaffaele$0275276 712 02$a3a Conferenza Nazionale ASITA 801 0$aIT$bUNIPARTHENOPE$gRICA$2UNIMARC 912 $a000033125 951 $aDono Prof. Pugliano 64$b44843$cNAVA1$d2011 996 $aConfronto tra alcuni metodi utilizzabili per la digitalizzazione della cartografia$91743655 997 $aUNIPARTHENOPE